| 000 | 00695nam a22002057a 4500 | ||
|---|---|---|---|
| 999 |
_c3795 _d3795 |
||
| 003 | AR-CdUCM | ||
| 008 | 190307b ||||| |||| 00| 0 spa d | ||
| 040 |
_aMUNICIPALIDAD PROVINCIAL DEL CUSCO _cBIBLIOTECA MUNICIPAL DEL CUSCO |
||
| 082 |
_22ed. _a839.974 / _bH19 |
||
| 100 |
_aHamsun, Knut _910427 |
||
| 245 | _aObras Escogidas / | ||
| 260 |
_aEspaña : _bAguilar ; _c1957. |
||
| 300 |
_a1386 páginas ; _c18cm |
||
| 440 |
_aBiblioteca Premios Nobel _9447 |
||
| 505 | _aHambre -- Pan -- Victoria -- El Juego de la Vida -- La Ciudad de Segelfoss -- Bendición de la Tierra. | ||
| 650 |
_aLiteratura universal _9611 |
||
| 650 |
_aLiteratura noruega _99693 |
||
| 942 |
_2ddc _cLIBROS |
||
| 945 | _anom | ||